A comprehensive book of phrases

Bibliographic Details
Main Author: Aggarwal B.N
Format: Book
Published: India : Sunrise publishers , 1992
Subjects:

MARC

LEADER 00000cam a2200000 7i4500
001 0000054207
005 20151103.0
008 151103
020 |a 9788178134802 
090 0 0 |a 422.03   |b AGG 
100 1 |a Aggarwal B.N. 
245 1 4 |a A comprehensive book of phrases   |c B.N.Aggarwal 
260 |a India :   |b Sunrise publishers ,   |c 1992 
650 0 |a Comprehensive   |x Juvenile literature 
650 0 |a Learning   |x Fiction 
650 0 |a Phrases   |x Fiction 
999 |a 0001366938   |b Book   |c Adult Collection   |e Perbadanan Perpustakaan Awam Johor 
999 |a 0001366939   |b Book   |c Adult Collection   |e Cawangan Urban Transformation Centre 
999 |a 0001366940   |b Book   |c Adult Collection   |e Cawangan AEON Kulaijaya 
999 |a 0001367787   |b Book   |c Adult Collection   |e Cawangan Bandar Tenggara 
999 |a 0001367788   |b Book   |c Adult Collection   |e Cawangan Mersing 
999 |a 0001367789   |b Book   |c Adult Collection   |e Cawangan Taman Sri Lambak 
999 |a 0001367791   |b Book   |c Adult Collection   |e Cawangan Tangkak 
999 |a 0001367792   |b Book   |c Adult Collection   |e Cawangan Batu Pahat 
999 |a 0001367793   |b Book   |c Adult Collection   |e Cawangan Tmn. Ungku Tun Aminah 
999 |a 0001367794   |b Book   |c Adult Collection   |e Cawangan Segamat 
999 |a 0001367795   |b Book   |c Adult Collection   |e Cawangan Kota Tinggi 
999 |a 0001367796   |b Book   |c Adult Collection   |e Cawangan Bukit Gambir 
999 |a 0001367798   |b Book   |c Adult Collection   |e Cawangan Pontian 
999 |a 0001367799   |b Book   |c Adult Collection   |e Cawangan Muar